LEADER 01345nam a2200289 a 4500 001 000000121817 003 CaOOAMICUS 005 20100518144232.0 008 100518t2010 it a u000 u ita r 020 $a978-88-263-1772-4 040 $aPUL$bita$dReb 082 04$a222 100 1 $aPinto, Sebastiano,$csac.,$d1973-$0(OLS)http://pul/name/69323 245 11$a"Io sono un Dio geloso" :$bmanuale sul Pentateuco e i Libri Storici: introduzione ed esegesi /$cSebastiano Pinto. 260 $aRoma :$bBorla,$cİ2010. 300 $a302 p. :$bill. ;$c21 cm 490 1 $aNuove vie dell'esegesi 504 $aBibliografia p. 268-277. 630 04$aBiblia.$pV.T.$pLibri historici.$0(OLS)http://pul/subject/20772 630 04$aBiblia.$pV.T.$pPentateuchus$xEsegesi.$0(OLS)http://pul/subject/36872 830 0$aNuove vie dell'esegesi.$0(OLS)http://pul/title/66198 850 $aPUL 852 $aPUL$W1$xSL Religione 3$y85$m222 PINSE 1$j139806$qDDC 21$B138999$CPULBib$Z2$F138999 $H113706 $82 996 $6020$a978-88-263-1772-4$9(OLS)http://pul/number/144278 996 $6082$a222$9(OLS)http://pul/classification/563 996 $6245$a"Io sono un Dio geloso" :$bmanuale sul Pentateuco e i Libri Storici: introduzione ed esegesi$9(OLS)http://pul/title/153268 996 $6260$aRoma :$bBorla$9(OLS)http://pul/publisher/48061 LEADER 00822naa a2200217 u 4500 001 000000103221 003 CaOOAMICUS 005 20070226130215.0 008 061102s1966 gw u000 u ger u 035 $a11105160 040 $aIAR$bita 100 1 $aTheiler, Willy,$d1899-$0(OLS)http://pul/name/21838 245 10$aAmmonius der Lehrer des Origines /$cWilly Theiler. 260 $aBerlin :$bWalter de Gruyter,$c1966. 300 $ap. 1-45 ;$c25 cm 500 $aIAR: CFA.49 600 04$aAmmonius Saccas,$d175-242?.$0(OLS)http://pul/subject/4855 773 0 $aForschungen zum Neuplatonismus. 773 0 $aTheiler, Willy.$tForschungen zum Neuplatonismus$gBd. 10$w()26550 996 $6245$aAmmonius der Lehrer des Origines$9(OLS)http://pul/title/130128 996 $6260$aBerlin :$bWalter de Gruyter$9(OLS)http://pul/publisher/48231